| 000 | 00877nam a2200241 a 4500 | ||
|---|---|---|---|
| 999 |
_c2189 _d2189 |
||
| 008 | 200218s2019 ii a|||| m|||a00| 0 eng d | ||
| 040 |
_aKO _beng |
||
| 041 | 0 | _aeng | |
| 044 | _aii | ||
| 082 | 0 | 4 |
_223 _a378.242 _bPRM1754 |
| 100 | 1 |
_aSubramanian, Vinay _eResearcher |
|
| 245 | 1 | 0 |
_aA Study On Role of Customs house Agent in customs clearance and the challenges faced by them in the process / _cVinay Subramanian ; Guide Dr. U. Sreejith |
| 260 |
_aKochi : _bIndian Maritime University, _c2019 |
||
| 300 |
_a44 p. : _bill. ; _c29 cm. |
||
| 490 | 0 |
_aMBA Project 2017-19 ; _v1705304024 |
|
| 502 | _aProject (MBA)–Indian Maritime University. School of Maritime Management, 2019. | ||
| 650 | 0 | _aCustoms administration and tourism | |
| 655 | 7 |
_2lcsh _aDissertations, Academic _y2019 |
|
| 700 | 1 |
_aSreejith, U. _cDr. _eGuide |
|
| 904 | _aReshma_R | ||
| 942 | _cTH | ||